000
00204 a2200097 4500
001
13870
100
_a
Vroman M E
245
_a
Esther
260
_a
Friderick Mulls
_b
Corgi Books
_c
090
_c
10840
_d
10840
942
_a
NUST-CAE
_c
M
_c
937
999
_c
248943
_d
248943